| 000 | 00510nam a22001817a 4500 | ||
|---|---|---|---|
| 005 | 20251108165857.0 | ||
| 008 | 250721s1977 xx 000 0 ara d | ||
| 082 | 1 | 4 | _aط/915.63/إلى |
| 245 | 1 | 0 | _aإلى العراق / |
| 264 | 1 |
_aبيروت : _bدار العودة، _c1977. |
|
| 300 | _a116ص | ||
| 490 | 0 | _aسلسلة رحلات إلى الوطن العربي | |
| 650 | 1 | 7 | _aالعراق |
| 650 | 1 | 7 | _aالرحلات و السفر |
| 650 | 1 | 7 | _aالأسفار |
| 942 |
_2ddc _cBK |
||
| 999 |
_c33665 _d33665 |
||